[Event "Caledonian Masters 1st"]
[Site "Edinburgh, Capital Moat House"]
[Date "1996.12.17"]
[Round "5"]
[White "Grant, Jonathan"]
[Black "Daly, Colm"]
[Result "1-0"]
[WhiteElo "2265"]
[BlackElo "2295"]
[PlyCount "77"]
[EventDate "1996.12.15"]
[EventType "tourn"]
[EventRounds "9"]
[EventCountry "SCO"]
[EventCategory "4"]
[SourceTitle "BritBase"]
[Source "John Saunders"]
[SourceDate "2024.07.04"]
[SourceVersion "1"]
[SourceVersionDate "2024.07.04"]
[SourceQuality "1"]

1. c4 e5 2. Nc3 Nc6 3. g3 f5 4. Bg2 Nf6 5. e3 Bb4 6. Nge2 O-O 7. Nd5 d6 8. O-O
Nxd5 9. cxd5 Ne7 10. d4 Ba5 11. dxe5 dxe5 12. Qb3 Kh8 13. Rd1 Bb6 14. Bd2 a5
15. a4 Qd6 16. Bc3 Bd7 17. Qc4 Ng6 18. b4 f4 19. bxa5 Bxa5 20. exf4 exf4 21.
Bxa5 Rxa5 22. Nd4 Ne5 23. Qb3 f3 24. Bf1 Qxd5 25. Qb4 Qc5 26. Qxb7 Ng4 27. h3
Nxf2 28. Kxf2 Rxa4 29. Qb2 Rxa1 30. Qxa1 Bc8 31. Qc1 Qa7 32. Qe3 Rd8 33. Qe7
Qa2+ 34. Be2 Rg8 35. Nxf3 Bxh3 36. Qxc7 Bg4 37. Rd2 Qe6 38. Bc4 Qf5 39. Qf4 1-0

[Event "Caledonian Masters 1st"]
[Site "Edinburgh, Capital Moat House"]
[Date "1996.12.17"]
[Round "5"]
[White "Kinsman, Andrew PH"]
[Black "Shaw, John Kerr"]
[Result "1-0"]
[WhiteElo "2400"]
[BlackElo "2355"]
[PlyCount "51"]
[EventDate "1996.12.15"]
[EventType "tourn"]
[EventRounds "9"]
[EventCountry "SCO"]
[EventCategory "4"]
[SourceTitle "BritBase"]
[Source "John Saunders"]
[SourceDate "2024.07.04"]
[SourceVersion "1"]
[SourceVersionDate "2024.07.04"]
[SourceQuality "1"]

1. d4 d5 2. c4 dxc4 3. Nf3 Nf6 4. Nc3 a6 5. e4 b5 6. e5 Nd5 7. a4 e6 8. axb5
Nb6 9. Be3 Bb7 10. Nd2 axb5 11. Rxa8 Bxa8 12. Nxb5 Qd7 13. Nc3 Qc6 14. h4 N8d7
15. Rh3 f6 16. exf6 Nxf6 17. Rg3 Kf7 18. Nf3 Nbd7 19. Ne5+ Nxe5 20. dxe5 Nd5
21. Qg4 Nxc3 22. bxc3 Qa6 23. Bxc4 Qa1+ 24. Ke2 Qb2+ 25. Bd2 Qb6 26. Qf5+ 1-0

[Event "Caledonian Masters 1st"]
[Site "Edinburgh, Capital Moat House"]
[Date "1996.12.17"]
[Round "6"]
[White "Bryson, Douglas Marshall"]
[Black "Pigott, John C"]
[Result "1-0"]
[WhiteElo "2380"]
[BlackElo "2360"]
[PlyCount "77"]
[EventDate "1996.12.15"]
[EventType "tourn"]
[EventRounds "9"]
[EventCountry "SCO"]
[EventCategory "4"]
[SourceTitle "BritBase"]
[Source "John Saunders"]
[SourceDate "2024.07.04"]
[SourceVersion "1"]
[SourceVersionDate "2024.07.04"]
[SourceQuality "1"]

1. e4 c5 2. Nf3 d6 3. d4 cxd4 4. Nxd4 Nf6 5. Nc3 a6 6. Bg5 e6 7. f4 Qb6 8. Qd2
Qxb2 9. Nb3 Qa3 10. Bxf6 gxf6 11. Be2 Nc6 12. O-O h5 13. Kh1 Bd7 14. Nd1 Rc8
15. c4 Be7 16. Nc3 Na5 17. Qe3 Nxc4 18. Bxc4 Rxc4 19. f5 h4 20. Rf3 Qb4 21. Rb1
Rc7 22. h3 a5 23. a3 Qxa3 24. Qb6 Bd8 25. Nb5 Bxb5 26. Qxb5+ Rd7 27. fxe6 fxe6
28. Qc4 Re7 29. Rxf6 Qb4 30. Qd3 Qb6 31. e5 d5 32. Nd4 Qa6 33. Qg6+ Kd7 34.
Nxe6 Rxe6 35. Rxe6 Qa7 36. Qg7+ Kxe6 37. Qxh8 Be7 38. Qg8+ Kxe5 39. Re1+ 1-0

[Event "Caledonian Masters 1st"]
[Site "Edinburgh, Capital Moat House"]
[Date "1996.12.17"]
[Round "6"]
[White "Ferguson, Mark"]
[Black "Grant, Jonathan"]
[Result "1-0"]
[WhiteElo "2385"]
[BlackElo "2265"]
[PlyCount "61"]
[EventDate "1996.12.15"]
[EventType "tourn"]
[EventRounds "9"]
[EventCountry "SCO"]
[EventCategory "4"]
[SourceTitle "BritBase"]
[Source "John Saunders"]
[SourceDate "2024.07.04"]
[SourceVersion "1"]
[SourceVersionDate "2024.07.04"]
[SourceQuality "1"]

1. e4 c6 2. d4 d5 3. e5 Bf5 4. h4 h5 5. c4 e6 6. Nc3 Be7 7. cxd5 cxd5 8. Bd3
Bxd3 9. Qxd3 a6 10. Nf3 Nc6 11. g3 Rc8 12. O-O Qb6 13. Rb1 Bd8 14. a3 Nge7 15.
Rd1 Nf5 16. Nxd5 Qa7 17. Ne3 Nxe3 18. Bxe3 Bb6 19. Rbc1 Rd8 20. Qe4 g6 21. Kg2
O-O 22. g4 hxg4 23. Qxg4 Rd7 24. h5 f5 25. exf6 Rxf6 26. Ne5 Rd5 27. hxg6 Rxe5
28. dxe5 Nxe5 29. Rc8+ Kg7 30. Bh6+ Kxh6 31. Rh1+ 1-0

[Event "Caledonian Masters 1st"]
[Site "Edinburgh, Capital Moat House"]
[Date "1996.12.17"]
[Round "6"]
[White "Mannion, Stephen R"]
[Black "Richardson, John R"]
[Result "1/2-1/2"]
[WhiteElo "2365"]
[BlackElo "2310"]
[PlyCount "145"]
[EventDate "1996.12.15"]
[EventType "tourn"]
[EventRounds "9"]
[EventCountry "SCO"]
[EventCategory "4"]
[SourceTitle "BritBase"]
[Source "John Saunders"]
[SourceDate "2024.07.04"]
[SourceVersion "1"]
[SourceVersionDate "2024.07.04"]
[SourceQuality "1"]

1. e4 c6 2. d4 d5 3. e5 Bf5 4. Nc3 e6 5. g4 Bg6 6. Nge2 c5 7. h4 h5 8. Nf4 Nc6
9. Nxg6 fxg6 10. Ne2 cxd4 11. Nxd4 Nxd4 12. Qxd4 Ne7 13. Bg5 Nc6 14. Qa4 Be7
15. Bb5 Bxg5 16. Bxc6+ bxc6 17. Qxc6+ Kf7 18. hxg5 Rc8 19. Qa4 Rc4 20. Qxa7+
Kg8 21. O-O-O Qxg5+ 22. Kb1 Qxg4 23. b3 Rf4 24. a4 Qf5 25. a5 Rxf2 26. Qc7 Kh7
27. Rhe1 Ra8 28. Rd3 Qf8 29. Qb6 Rb8 30. Qxe6 Qc5 31. Rc1 Qxa5 32. Qxd5 Qa7 33.
Kb2 Ra8 34. b4 Rf4 35. Qb3 Qe7 36. c3 Qxe5 37. Kb1 Qe4 38. Qd5 Qe8 39. Rd2 Rf5
40. Qc4 Rc8 41. Qd4 Qb5 42. Qa7 Rf3 43. Rd7 Qe5 44. Re7 Qf6 45. Rc7 Qf5+ 46.
Ka1 Rxc7 47. Qxc7 Rf2 48. Qc4 Qg5 49. Kb1 Qd2 50. Qb3 h4 51. c4 g5 52. b5 g4
53. b6 g3 54. b7 g2 55. b8=Q Qxc1+ 56. Kxc1 g1=Q+ 57. Qd1 Rf1 58. Qb1+ g6 59.
Qb7+ Kh6 60. Qxf1 Qxf1+ 61. Kb2 h3 62. Qc8 Qg2+ 63. Kc3 h2 64. Qh8+ Kg5 65.
Qe5+ Kg4 66. Qd4+ Kg3 67. Qd3+ Kf2 68. Qd2+ Kg3 69. Qg5+ Kf3 70. Qd5+ Kg3 71.
Qg5+ Kf3 72. Qd5+ Kg3 73. Qg5+ 1/2-1/2

[Event "Caledonian Masters 1st"]
[Site "Edinburgh, Capital Moat House"]
[Date "1996.12.17"]
[Round "6"]
[White "Shaw, John Kerr"]
[Black "Daly, Colm"]
[Result "0-1"]
[WhiteElo "2355"]
[BlackElo "2295"]
[PlyCount "104"]
[EventDate "1996.12.15"]
[EventType "tourn"]
[EventRounds "9"]
[EventCountry "SCO"]
[EventCategory "4"]
[SourceTitle "BritBase"]
[Source "John Saunders"]
[SourceDate "2024.07.04"]
[SourceVersion "1"]
[SourceVersionDate "2024.07.04"]
[SourceQuality "1"]

1. e4 c5 2. Nc3 Nc6 3. g3 g6 4. Bg2 Bg7 5. d3 d6 6. Be3 Rb8 7. Qd2 b5 8. f4 b4
9. Nd1 Bg4 10. Nf3 Nf6 11. O-O O-O 12. h3 Bxf3 13. Rxf3 Ne8 14. f5 Nc7 15. Bh6
Ne5 16. Rf2 Nb5 17. Bxg7 Kxg7 18. Ne3 a5 19. f6+ exf6 20. Nd5 a4 21. Raf1 a3
22. b3 Nd7 23. h4 Nc7 24. Nxc7 Qxc7 25. Bh3 Ne5 26. Rxf6 Qe7 27. Qf4 Rbd8 28.
Kh2 d5 29. exd5 Rxd5 30. Be6 h5 31. Kh3 Rfd8 32. Bxd5 Rxd5 33. Qe4 Rd7 34. R6f2
Qe6+ 35. Kg2 f5 36. Rxf5 gxf5 37. Rxf5 Re7 38. Rxh5 Nf7 39. Qxe6 Rxe6 40. Rxc5
Re1 41. Rc4 Ra1 42. Rxb4 Rxa2 43. Ra4 Rxc2+ 44. Kf3 a2 45. Ke3 Ne5 46. b4 Nc6
47. b5 Nb4 48. b6 Rc6 49. Kd4 Rc1 50. Ra7+ Kf6 51. b7 a1=Q+ 52. Rxa1 Rxa1 0-1

[Event "Caledonian Masters 1st"]
[Site "Edinburgh, Capital Moat House"]
[Date "1996.12.18"]
[Round "7"]
[White "Daly, Colm"]
[Black "Ferguson, Mark"]
[Result "0-1"]
[WhiteElo "2295"]
[BlackElo "2385"]
[PlyCount "80"]
[EventDate "1996.12.15"]
[EventType "tourn"]
[EventRounds "9"]
[EventCountry "SCO"]
[EventCategory "4"]
[SourceTitle "BritBase"]
[Source "John Saunders"]
[SourceDate "2024.07.04"]
[SourceVersion "1"]
[SourceVersionDate "2024.07.04"]
[SourceQuality "1"]

1. c4 e5 2. Nc3 Nf6 3. Nf3 Nc6 4. d3 Bb4 5. Bd2 O-O 6. a3 Bxc3 7. Bxc3 Re8 8.
e4 d6 9. Be2 Bg4 10. h3 Bxf3 11. Bxf3 Nd4 12. Bxd4 exd4 13. O-O Nd7 14. Bg4 a5
15. b4 Ne5 16. f4 Nxg4 17. Qxg4 c6 18. Rab1 axb4 19. axb4 Ra3 20. Rf3 Qc8 21.
Qh4 Qd8 22. Qg4 Qc8 23. Qh4 Qd8 24. Qh5 Qe7 25. Kh2 Rea8 26. Qg4 g6 27. b5 c5
28. Rg3 Kg7 29. Rf1 Ra1 30. Rxa1 Rxa1 31. Qf3 b6 32. Qf2 Qa7 33. Rg5 Rd1 34.
Rg3 Qa1 35. Rf3 Qb1 36. Qe2 Qc1 37. e5 Re1 38. Qf2 dxe5 39. fxe5 Rh1+ 40. Kg3
Qg5# 0-1

[Event "Caledonian Masters 1st"]
[Site "Edinburgh, Capital Moat House"]
[Date "1996.12.18"]
[Round "7"]
[White "Pigott, John C"]
[Black "Mannion, Stephen R"]
[Result "1/2-1/2"]
[WhiteElo "2360"]
[BlackElo "2365"]
[PlyCount "95"]
[EventDate "1996.12.15"]
[EventType "tourn"]
[EventRounds "9"]
[EventCountry "SCO"]
[EventCategory "4"]
[SourceTitle "BritBase"]
[Source "John Saunders"]
[SourceDate "2024.07.04"]
[SourceVersion "1"]
[SourceVersionDate "2024.07.04"]
[SourceQuality "1"]

1. d4 Nf6 2. c4 c5 3. d5 b5 4. cxb5 a6 5. e3 axb5 6. Bxb5 Qa5+ 7. Nc3 Bb7 8.
Nge2 Nxd5 9. O-O e6 10. e4 Nxc3 11. Nxc3 Bxe4 12. Bxd7+ Nxd7 13. Nxe4 Qa4 14.
Qf3 Ne5 15. Qf4 Nd3 16. Qf3 Rd8 17. Rd1 Qa6 18. Bg5 Rd7 19. b3 f5 20. Nd2 Ne5
21. Qe3 Ng4 22. Qe1 Be7 23. Nf3 Rxd1 24. Rxd1 Nf6 25. Qe5 O-O 26. Qc7 Re8 27.
a4 Qe2 28. Rf1 Qa6 29. Qe5 Kf7 30. h3 Bd6 31. Qb2 Ne4 32. Be3 h6 33. Ne5+ Kg8
34. Nc4 Be7 35. f3 Nf6 36. Bf2 Nd5 37. Qe2 Nf4 38. Qc2 Rd8 39. Rd1 Rd5 40. Kh1
g6 41. Be3 g5 42. Bxf4 gxf4 43. Qe2 Kf8 44. Qc2 Kg8 45. Re1 Bh4 46. Rb1 Qc6 47.
Qe2 Qa6 48. Qc2 1/2-1/2

[Event "Caledonian Masters 1st"]
[Site "Edinburgh, Capital Moat House"]
[Date "1996.12.18"]
[Round "7"]
[White "Richardson, John R"]
[Black "Kinsman, Andrew PH"]
[Result "0-1"]
[WhiteElo "2310"]
[BlackElo "2400"]
[PlyCount "94"]
[EventDate "1996.12.15"]
[EventType "tourn"]
[EventRounds "9"]
[EventCountry "SCO"]
[EventCategory "4"]
[SourceTitle "BritBase"]
[Source "John Saunders"]
[SourceDate "2024.07.04"]
[SourceVersion "1"]
[SourceVersionDate "2024.07.04"]
[SourceQuality "1"]

1. d4 d5 2. c4 c6 3. Nf3 Nf6 4. Nc3 dxc4 5. a4 Bf5 6. e3 e6 7. Bxc4 Bb4 8. O-O
O-O 9. Qe2 Bg6 10. Ne5 Nbd7 11. Nxg6 hxg6 12. Rd1 Qa5 13. e4 Bxc3 14. bxc3 Qxc3
15. Ra3 Qb4 16. Rh3 Nb6 17. Ba2 Qxa4 18. Bb3 Qb5 19. Qf3 a5 20. e5 Nfd5 21. Qg4
a4 22. Bc2 a3 23. Bxa3 Rxa3 24. Rxa3 Qb2 25. Rh3 Qxc2 26. Rf1 Qd2 27. g3 Nc4
28. Qh4 f5 29. exf6 Nxf6 30. Rb1 b5 31. Ra1 Qh6 32. Qxh6 gxh6 33. Rxh6 Kg7 34.
Rh4 g5 35. Rh3 Kg6 36. Ra6 Rc8 37. g4 Nxg4 38. Rg3 Nf6 39. f3 Kf5 40. Ra7 Nh5
41. Rg4 e5 42. h4 gxh4 43. Rxh4 Nf6 44. dxe5 Nxe5 45. Kf2 Rd8 46. Ra5 Rd2+ 47.
Ke3 Rc2 0-1

[Event "Caledonian Masters 1st"]
[Site "Edinburgh, Capital Moat House"]
[Date "1996.12.18"]
[Round "8"]
[White "Bryson, Douglas Marshall"]
[Black "Daly, Colm"]
[Result "1-0"]
[WhiteElo "2380"]
[BlackElo "2295"]
[PlyCount "54"]
[EventDate "1996.12.15"]
[EventType "tourn"]
[EventRounds "9"]
[EventCountry "SCO"]
[EventCategory "4"]
[SourceTitle "BritBase"]
[Source "John Saunders"]
[SourceDate "2024.07.04"]
[SourceVersion "1"]
[SourceVersionDate "2024.07.04"]
[SourceQuality "1"]

1. e4 e6 2. d4 d5 3. Nc3 Bb4 4. e5 c5 5. a3 Bxc3+ 6. bxc3 Ne7 7. Qg4 Kf8 8. h4
b6 9. h5 h6 10. Rh3 Ba6 11. Rf3 Kg8 12. Ne2 Qe8 13. Nf4 Bxf1 14. Nxe6 fxe6 15.
Qxe6+ Kh7 16. Rf7 Qxf7 17. Qxf7 Nbc6 18. Kxf1 Rhf8 19. Qe6 cxd4 20. cxd4 Rae8
21. Be3 Nd8 22. Qd7 Nf5 23. Kg1 Ne6 24. Rd1 Re7 25. Qxd5 Nxe3 26. fxe3 Rfe8 27.
Qb5 Nc5 1-0

[Event "Caledonian Masters 1st"]
[Site "Edinburgh, Capital Moat House"]
[Date "1996.12.18"]
[Round "8"]
[White "Mannion, Stephen R"]
[Black "Grant, Jonathan"]
[Result "1/2-1/2"]
[WhiteElo "2365"]
[BlackElo "2265"]
[PlyCount "45"]
[EventDate "1996.12.15"]
[EventType "tourn"]
[EventRounds "9"]
[EventCountry "SCO"]
[EventCategory "4"]
[SourceTitle "BritBase"]
[Source "John Saunders"]
[SourceDate "2024.07.04"]
[SourceVersion "1"]
[SourceVersionDate "2024.07.04"]
[SourceQuality "1"]

1. e4 c6 2. d4 d5 3. e5 Bf5 4. Nf3 e6 5. a3 Ne7 6. Be2 Nd7 7. O-O Bg4 8. Nbd2
c5 9. dxc5 Nxc5 10. b4 Nd7 11. Bb2 Nc6 12. c4 Bxf3 13. Nxf3 dxc4 14. Bxc4 Be7
15. Qe2 O-O 16. Rfd1 Qe8 17. Rac1 Nb6 18. Bb3 Rd8 19. Qe4 Rxd1+ 20. Rxd1 Qc8
21. h4 Rd8 22. Rxd8+ Qxd8 23. h5 1/2-1/2

[Event "Caledonian Masters 1st"]
[Site "Edinburgh, Capital Moat House"]
[Date "1996.12.18"]
[Round "8"]
[White "Shaw, John Kerr"]
[Black "Ferguson, Mark"]
[Result "0-1"]
[WhiteElo "2355"]
[BlackElo "2385"]
[PlyCount "80"]
[EventDate "1996.12.15"]
[EventType "tourn"]
[EventRounds "9"]
[EventCountry "SCO"]
[EventCategory "4"]
[SourceTitle "BritBase"]
[Source "John Saunders"]
[SourceDate "2024.07.04"]
[SourceVersion "1"]
[SourceVersionDate "2024.07.04"]
[SourceQuality "1"]

1. e4 e5 2. Nf3 Nc6 3. Bb5 Nf6 4. O-O Nxe4 5. d4 Nd6 6. dxe5 Nxb5 7. a4 Nbd4 8.
Nxd4 Nxd4 9. Qxd4 d5 10. Nc3 c6 11. a5 Bf5 12. f4 Qe7 13. Qf2 Rd8 14. Be3 c5
15. Ne2 d4 16. Bxd4 cxd4 17. Nxd4 Qd7 18. Nxf5 Qxf5 19. c3 a6 20. Qf3 Bc5+ 21.
Kh1 Rd7 22. b4 Ba7 23. Rad1 O-O 24. Rd6 Rc7 25. Rfd1 h6 26. R1d3 Rc4 27. g3 Re4
28. Kg2 Rc8 29. Rd7 Re3 30. Qxb7 Re2+ 31. Kf1 Rf2+ 32. Ke1 Qh3 33. Rd8+ Rxd8
34. Rxd8+ Kh7 35. Qe4+ g6 36. Qc4 Qf5 37. e6 Rxh2 38. Rd3 Qh3 39. Qe4 Rh1+ 40.
Kd2 Qf1 0-1

[Event "Caledonian Masters 1st"]
[Site "Edinburgh, Capital Moat House"]
[Date "1996.12.19"]
[Round "9"]
[White "Daly, Colm"]
[Black "Mannion, Stephen R"]
[Result "0-1"]
[WhiteElo "2295"]
[BlackElo "2365"]
[PlyCount "46"]
[EventDate "1996.12.15"]
[EventType "tourn"]
[EventRounds "9"]
[EventCountry "SCO"]
[EventCategory "4"]
[SourceTitle "BritBase"]
[Source "John Saunders"]
[SourceDate "2024.07.04"]
[SourceVersion "1"]
[SourceVersionDate "2024.07.04"]
[SourceQuality "1"]

1. d4 Nf6 2. c4 c5 3. d5 b5 4. cxb5 a6 5. bxa6 g6 6. Nc3 Bxa6 7. f4 Bg7 8. Nf3
Qa5 9. Bd2 O-O 10. e4 d6 11. e5 dxe5 12. fxe5 Ng4 13. e6 fxe6 14. dxe6 Nc6 15.
Qc2 Nd4 16. Nxd4 cxd4 17. Ne4 Qf5 18. Bxa6 Rxa6 19. O-O-O Rxa2 20. Bg5 d3 21.
Qc4 Rxb2 22. Rd2 Ne5 23. Qa6 Rxd2 0-1

[Event "Caledonian Masters 1st"]
[Site "Edinburgh, Capital Moat House"]
[Date "1996.12.19"]
[Round "9"]
[White "Grant, Jonathan"]
[Black "Kinsman, Andrew PH"]
[Result "1/2-1/2"]
[WhiteElo "2265"]
[BlackElo "2400"]
[PlyCount "41"]
[EventDate "1996.12.15"]
[EventType "tourn"]
[EventRounds "9"]
[EventCountry "SCO"]
[EventCategory "4"]
[SourceTitle "BritBase"]
[Source "John Saunders"]
[SourceDate "2024.07.04"]
[SourceVersion "1"]
[SourceVersionDate "2024.07.04"]
[SourceQuality "1"]

1. c4 Nf6 2. Nc3 c5 3. g3 e6 4. Nf3 Nc6 5. Bg2 d5 6. cxd5 Nxd5 7. O-O Be7 8. d4
O-O 9. e4 Nb6 10. dxc5 Qxd1 11. Rxd1 Bxc5 12. Bf4 f6 13. Rac1 e5 14. Nb5 exf4
15. Rxc5 fxg3 16. hxg3 Bg4 17. Rd6 Rad8 18. e5 Nd7 19. Rcd5 Bxf3 20. Bxf3 Ncxe5
21. Bg2 1/2-1/2